Už nie sme crazy startup
Rozhovor s Jurajom Vaculíkom angažovanom v projekte lietajúceho auta. Ako sa robí stratégia na úplne nový produkt. Pobyt v Silicon Valley a hľadanie správnych ľudí. Certifikácia nového produktu. Oblasti využitia AeroMobilu. Získavanie investorov. Plán byť na trhu prvý.
Na minha lista:
| Autor principal: | |
|---|---|
| Outros Autores: | , |
| Formato: | Capítulo de Livro |
| Idioma: | eslovaco |
| Assuntos: | |
| Tags: |
Sem tags, seja o primeiro a adicionar uma tag!
|
MARC
| LEADER | 00000naa a2200000 4500 | ||
|---|---|---|---|
| 001 | 0210177 | ||
| 005 | 20231013091640.3 | ||
| 041 | 0 | |a slo | |
| 044 | |a SK | ||
| 245 | 1 | 0 | |a Už nie sme crazy startup |c Juraj Porubský, Tatiana Vavrová, Juraj Vaculík |
| 520 | |a Rozhovor s Jurajom Vaculíkom angažovanom v projekte lietajúceho auta. Ako sa robí stratégia na úplne nový produkt. Pobyt v Silicon Valley a hľadanie správnych ľudí. Certifikácia nového produktu. Oblasti využitia AeroMobilu. Získavanie investorov. Plán byť na trhu prvý. | ||
| 610 | 2 | 0 | |a automobily osobné |
| 610 | 2 | 0 | |a lietadlá |
| 610 | 2 | 0 | |a technológie nové |
| 610 | 2 | 0 | |a investície |
| 610 | 2 | 0 | |a certifikácia |
| 100 | 1 | |a Porubský, Juraj | |
| 700 | 1 | |a Vavrová, Tatiana | |
| 700 | 1 | |a Vaculík, Juraj | |